Female Actresses by Letter Quiz Stats

 Plays Quiz not verified by Sporcle

Challenge
Share
Tweet
Embed
Score 0/24 Timer 06:00
0 Plays Today
Letter Actress % Correct
CCameron Diaz
92.8%
UUma Thurman
89.6%
HHilary Duff
80.8%
DDemi Moore
73.6%
KKate Winslet
69.6%
OOprah Winfrey
68.8%
QQueen Latifah
68%
WWhoopi Goldberg
64.8%
AAmanda Bynes
61.6%
JJennifer Love Hewitt
60%
SSarah Michelle Gellar
58.4%
FFelicity Huffman
38.4%
Letter Actress % Correct
BBette Davis
32.8%
PPenelope Cruz
32%
NNikki Blonsky
23.2%
VVanessa Williams
23.2%
EEliza Dushku
19.2%
ZZoe Saldana
15.2%
GGreta Garbo
12%
MMary Steenburgen
10.4%
IIrene Dunne
8%
RReba McEntire
8%
TTara Reid
4%
LLucille Ball
2.4%

You're not logged in!

Compare scores with friends on all Sporcle quizzes.
OR
Log In

You Might Also Like...

Show Comments

Extras

Top Quizzes Today


Score Distribution

Your Account Isn't Verified!

In order to create a playlist on Sporcle, you need to verify the email address you used during registration. Go to your Sporcle Settings to finish the process.

Report this User

Report this user for behavior that violates our Community Guidelines.

Details: